| 000 | 00647nam a2200241Ia 4500 | ||
|---|---|---|---|
| 003 | OSt | ||
| 005 | 20221007071656.0 | ||
| 006 | a|||||r|||| 00| 0 | ||
| 007 | ta | ||
| 008 | 221006b |||||||| |||| 00| 0 eng d | ||
| 024 | _a12,247 | ||
| 037 | _cTextual | ||
| 040 |
_aFLL _cFLL _beng |
||
| 041 |
_2eng _aeng |
||
| 082 | _aV2:28:M9, K9;2 | ||
| 100 |
_aAllen George _9689204 |
||
| 245 | 0 | _aConstitutional bureaucracy | |
| 260 |
_aLondon _bGeorge Allen & Unwin Ltd London _c1969 |
||
| 300 |
_a324p _ccm. |
||
| 700 |
_a Unwin _9689205 |
||
| 942 |
_hV2:28:M9, K9;2 _cTEXL _2CC |
||
| 999 |
_c1143959 _d1143959 |
||